000 01172nam a2200253Ia 4500
999 _c40555
_d40555
001 7179
003 GE_BSU
005 20230905163711.0
008 181216s2011||||ge |||||||||||||| ||geo||
020 _a9789941192777
040 _cGE_BSU
041 _ageo
080 _a821.111(73)-31 ჰ-44
100 _aჰემინგუეი, ერნესტ
_911669
245 _aმშვიდობით იარაღო :
_bრომანი /
_cერნესტ ჰემინგუეი ; ვახტანგ ჭელიძის თარგმანი ; რედ. ელენე სალარიძე.
264 _aთბილისი :
_bპალიტრა L,
_c2011.
300 _a288 გვ. ;
_c22 სმ.
490 _a50 წიგნი, რომელიც უნდა წაიკითხო სანამ ცოცხალი ხარ
_vწ. 26
_xISSN1987-9628
541 _h10ლ.
653 _aრომანი
700 _aჭელიძე, ვახტანგ
_eმთარგმნელი
_919772
700 _aსალარიძე, ელენე
_eრედაქტორი
_95199
942 _cBK
_2udc